| 000 | 00823nam a22002772a 4500 | ||
|---|---|---|---|
| 999 |
_c7291 _d7291 |
||
| 001 | 7291 | ||
| 003 | UkOxU | ||
| 005 | 20180210173605.0 | ||
| 008 | 500101s1946 enk 000 0 eng d | ||
| 035 | _aOCLC ocm06819515 from D960716M | ||
| 040 |
_aDLC _cEIB _dEQO |
||
| 041 | _aeng | ||
| 050 | 0 |
_aPR504.5 _bO3 |
|
| 082 |
_a821.9109 _bDON 1946 |
||
| 100 | 1 | _aO'Donnell, Margaret | |
| 245 | 1 | 0 |
_aFeet on the ground : _bbeing an approach to modern verse / _cby Margaret J. O'Donnell |
| 260 |
_aLondon ; _aGlasgow : _bBlackie & son limited, _c[1946] |
||
| 300 |
_axii,308 p. : _c18 cm |
||
| 500 | _a"First printed 1946." | ||
| 650 | 0 |
_aEnglish poetry _xHistory and criticism |
|
| 650 | 0 |
_aAmerican poetry _xHistory and criticism |
|
| 650 | 0 | _aEnglish poetry | |
| 650 | 0 | _aAmerican poetry | |
| 942 |
_2ddc _cBK |
||